Vista normal
Vista MARC
Entrada Materia (personas)
Número de registros utilizados en: 1
001 - CONTROL NUMBER
- control field: 105835
003 - CONTROL NUMBER IDENTIFIER
- control field: Co-BoUCM
005 - DATE AND TIME OF LATEST TRANSACTION
- control field: 20210910142650.0
008 - FIXED-LENGTH DATA ELEMENTS
- fixed length control field: 210910|| aca||aabn | a|a d
040 ## - CATALOGING SOURCE
- Original cataloging agency: Co-BoUCM
- Transcribing agency: Co-BoUCM
100 ## - HEADING--PERSONAL NAME
- Personal name: Ramírez Villamizar, Eduardo
670 ## - SOURCE DATA FOUND
- Source citation: Work cat.: (Co-BoUCM): Ramírez Villamizar, Eduardo, Ramírez Villamizar, 1984